Statistics for Guess Musicians by Pictures - A

Click here to take the quiz!

General Stats

  • This quiz has been taken 60 times
  • The average score is 7 of 16

Answer Stats

Answer% Correct
Ariana Grande
97%
Amy Winehouse
90%
ABBA
86%
Avril Lavigne
83%
Axl Rose
62%
AC/DC
59%
Alicia Keys
57%
Aerosmith
55%
Alanis Morissette
50%
Ashton Irwin
7%
Amy Macdonald
5%
Alessandra
3%
Anna German
2%
Annalisa
2%
Anthony Lexa
2%
Amy Diamond
0%

Score Distribution

Percentile by Number Answered

Percent of People with Each Score

Your Score History

You have not taken this quiz